Case news (Record no. 79060)
[ view plain ]
| 000 -LEADER | |
|---|---|
| fixed length control field | 01081cab a22002055a 4500 |
| 001 - CONTROL NUMBER | |
| control field | L139622 |
| 008 - FIXED-LENGTH DATA ELEMENTS--GENERAL INFORMATION | |
| fixed length control field | 070731e20070727xxk f s 000 0 eng d |
| 035 ## - SYSTEM CONTROL NUMBER | |
| System control number | (Sirsi) u139622 |
| 041 0# - LANGUAGE CODE | |
| Language code of text/sound track or separate title | eng |
| 100 1# - MAIN ENTRY--PERSONAL NAME | |
| Personal name | Ross, Jonathan |
| 245 00 - TITLE STATEMENT | |
| Title | Case news |
| 260 ## - PUBLICATION, DISTRIBUTION, ETC. | |
| Date of publication, distribution, etc. | 2007 |
| 490 ## - SERIES STATEMENT | |
| Series statement | Property Week |
| Volume/sequential designation | 72(30) 27 July 2007, 94(1) |
| 520 ## - SUMMARY, ETC. | |
| Summary, etc. | Examines the case of Dashwood V Fleurets. D had instructed F to sell her pub. She later cancelled the instruction and appointed another agent. A potential buyer approached F when they were the agent, but no deal was made. He later purchased it through the new agent. F's contract with D stipulated that commission was payable on an introduction. "Held": Due to the introduction clause in the contract, F was due commission. This shows that estate agents can recover commission even when they are not the effective cause of the sale of the property. |
| 590 ## - LOCAL NOTE (RLIN) | |
| Local note | KA |
| 650 24 - SUBJECT ADDED ENTRY--TOPICAL TERM | |
| Topical term or geographic name entry element | DASHWOOD V FLEURETS LTD |
| 651 #4 - SUBJECT ADDED ENTRY--GEOGRAPHIC NAME | |
| Geographic name | England |
| Chronological subdivision | 886- |
| 690 ## - LOCAL SUBJECT ADDED ENTRY--TOPICAL TERM (OCLC, RLIN) | |
| Topical term or geographic name as entry element | PROPERTY-COMMERCIAL PROPERTY-ACQUISITION AND DISPOSAL OF COMMERCIAL PROPERTY |
| 942 ## - ADDED ENTRY ELEMENTS (KOHA) | |
| Suppress in OPAC | 0 |
| Withdrawn status | Lost status | Source of classification or shelving scheme | Damaged status | Not for loan | Home library | Current library | Shelving location | Date acquired | Total Checkouts | Full call number | Barcode | Date last seen | Copy number | Price effective from | Koha item type |
|---|---|---|---|---|---|---|---|---|---|---|---|---|---|---|---|
| Dewey Decimal Classification | London | London | Journal article | 31/07/2007 | L139622 | 139622-1001 | 06/08/2019 | 1 | 06/08/2019 | Journal article |